[Event "I Miedzynarodowy Memorial Ireny Warakomskiej - Open B"]
[Site "Suwalki"]
[Date "2017-08-11"]
[Round "1.1"]
[White "Samborski, Henryk"]
[Black "Sobczak, Miroslaw"]
[Result "1-0"]
[WhiteTitle ""]
[BlackTitle ""]
[WhiteElo "2096"]
[BlackElo "1925"]

1. Nf3 Nf6 2. g3 b6 3. Bg2 Bb7 4. O-O c5 5. d4 cxd4 6. Qxd4 Nc6 7. Qh4 e6 8. Rd1
Nb4 9. Na3 Rc8 10. c3 Na6 11. Nb5 Nc7 12. a4 d5 13. Bg5 a6 14. Nbd4 Be7 15. Ne5
Nd7 16. Bxe7 Qxe7 17. Qxe7+ Kxe7 18. Nxd7 Kxd7 19. c4 Ke7 20. a5 bxa5 21. Rxa5
Rb8 22. cxd5 Nxd5 23. Nb3 Nf6 24. Nc5 Bxg2 25. Kxg2 Rxb2 26. Rxa6 Rc8 27. Ra7+
Kf8 28. Nd7+ Kg8 29. Nxf6+ gxf6 30. Rdd7 Rf8 31. Kf3 Kg7 32. Re7 Kg6 33. g4 Rb5
34. Kg3 h5 35. h3 hxg4 36. hxg4 f5 37. gxf5+ Rxf5 38. f4 Rb5 39. Kf3 Rc5 40. e3
Rb5 41. Rec7 Rd5 42. Rc1 Rb5 43. Rg1+ Kf6 44. Rh1 Rc5 45. Rh6+ Kg7 46. Rxe6 Rcc8
47. Ree7 Rce8 48. Rec7 Rc8 49. e4 Rxc7 50. Rxc7 Ra8 51. Kg4 Ra6 52. e5 Rg6+ 53.
Kf5 Ra6 54. Re7 Kf8 55. Rd7 Kg7 56. Rd6 Ra7 57. Ke4 Rb7 58. f5 Rb4+ 59. Rd4 Rb5
60. Kf4 Ra5 61. Rd7 Kg8 62. Rd8+ Kh7 63. Re8 Ra4+ 64. Kg5 Ra1 65. Kf6 Rf1 66.
Rf8 Rf2 67. Rxf7+ Kh8 68. e6 Kg8 69. Rg7+ Kh8 1-0

[Event "I Miedzynarodowy Memorial Ireny Warakomskiej - Open B"]
[Site "Suwalki"]
[Date "2017-08-11"]
[Round "1.2"]
[White "Wolanski, Michal "]
[Black "Shpanko, Nadiia"]
[Result "0-1"]
[WhiteTitle ""]
[BlackTitle ""]
[WhiteElo "1920"]
[BlackElo "2095"]

1. c4 Nf6 2. Nc3 c5 3. g3 d5 4. cxd5 Nxd5 5. Bg2 Nc7 6. Qa4+ Nd7 7. Nf3 a6 8. Ne5
e6 9. d3 Rb8 10. Bf4 f6 11. Nf3 e5 12. Be3 Be7 13. Qb3 b6 14. Nh4 Nf8 15. f4 exf4
16. Bxf4 Nfe6 17. Bxc7 Nxc7 18. O-O Be6 19. Bc6+ Kf7 20. Qc2 g6 21. Bg2 Kg7 22.
Nf3 Rf8 23. b3 f5 24. Rad1 Bf6 25. e4 Bd4+ 26. Nxd4 cxd4 27. Ne2 Nb5 28. a4 Rc8
29. Qb2 Nc3 30. Nf4 Qd6 31. Rde1 Bd7 32. e5 Qb4 33. e6 Bxa4 34. Qd2 Bxb3 35. Rb1
a5 36. e7 Rf7 37. Rfe1 Re8 38. Ne6+ Kg8 39. Ng5 Rfxe7 40. Rxe7 Rxe7 0-1

[Event "I Miedzynarodowy Memorial Ireny Warakomskiej - Open B"]
[Site "Suwalki"]
[Date "2017-08-11"]
[Round "1.3"]
[White "Janiszewski, Maciej"]
[Black "Wacior, Maciej "]
[Result "0-1"]
[WhiteTitle ""]
[BlackTitle ""]
[WhiteElo "2095"]
[BlackElo "1912"]

1. Nf3 d5 2. d4 Nf6 3. c4 e6 4. g3 c6 5. Qc2 Bd6 6. Bg2 Nbd7 7. O-O O-O 8. Nbd2
Qe7 9. b3 e5 10. dxe5 Nxe5 11. Bb2 dxc4 12. Bxe5 Bxe5 13. Nxe5 Qxe5 14. Nxc4 Qh5
15. Nd6 Bh3 16. Nxb7 Ng4 17. Qxc6 Nxh2 18. Bxh3 Qxh3 19. Qh1 Rab8 20. Qxh2 Qxh2+
21. Kxh2 Rxb7 22. Rfd1 h5 23. Rd5 Re8 24. e3 g6 25. Rc1 Re6 26. Kg2 Ra6 27. Rc2
Kg7 28. e4 Ra3 29. e5 a5 30. Rd8 a4 31. Rcc8 Rxa2 32. Rh8 f6 33. Rhg8+ Kf7 34.
bxa4 fxe5 35. Rcf8+ Ke7 36. Ra8 Rbb2 37. Ra7+ Ke6 38. Rf8 Kd5 39. Rg7 Rb6 40.
Rfg8 Rf6 41. Kh3 Rfxf2 42. Kh4 Rxa4+ 43. Kh3 Ra1 44. Kh4 Rf5 45. Kh3 Ke4 46. Rxg6
Kf3 47. Kh2 e4 48. Re6 e3 49. Rge8 Re1 50. Re4 e2 51. Re3+ Kf2 52. R3e4 Kf1 53.
g4 Rf2+ 54. Kh1 Rf3 55. Kh2 Kf2 0-1

[Event "I Miedzynarodowy Memorial Ireny Warakomskiej - Open B"]
[Site "Suwalki"]
[Date "2017-08-11"]
[Round "1.4"]
[White "Duda, Lucas"]
[Black "Suder, Ryszard "]
[Result "0-1"]
[WhiteTitle ""]
[BlackTitle ""]
[WhiteElo "1906"]
[BlackElo "2082"]

1. e4 d6 2. d4 Nf6 3. Bd3 e5 4. c3 d5 5. dxe5 Nxe4 6. Nf3 Nc6 7. h3 Be7 8. O-O
Bf5 9. Bf4 Bg6 10. Nbd2 Nxf2 11. Rxf2 Bxd3 12. Nb3 Bg6 13. Rd2 Be4 14. Qe2 Qc8
15. Rf1 O-O 16. Kh2 Qe6 17. Qe3 b6 18. Nbd4 Nxd4 19. Nxd4 Qg6 20. Rdf2 a6 21.
b3 Rac8 22. Bg3 Bg5 23. Bf4 Bxf4+ 24. Qxf4 c5 25. Nf3 Rce8 26. Re1 Qf5 27. Qg3
f6 28. exf6 Qxf6 29. Ref1 Qf4 30. Qxf4 Rxf4 31. Ng1 Rxf2 32. Rxf2 Bg6 33. Ne2
Rf8 34. Nf4 Be4 35. Kg3 g5 36. Ne6 Rxf2 37. Kxf2 h6 38. g3 Kf7 39. Nc7 a5 40.
Na8 b5 41. b4 d4 0-1

[Event "I Miedzynarodowy Memorial Ireny Warakomskiej - Open B"]
[Site "Suwalki"]
[Date "2017-08-11"]
[Round "1.5"]
[White "Bogdanov, Ignat"]
[Black "Jankowiak, Tomasz"]
[Result "1/2-1/2"]
[WhiteTitle ""]
[BlackTitle ""]
[WhiteElo "2078"]
[BlackElo "1905"]

1. d4 Nf6 2. c4 g6 3. Nc3 Bg7 4. g3 O-O 5. Bg2 d6 6. e3 e5 7. Nge2 c6 8. b3 Re8
9. O-O Na6 10. Ba3 Nc7 11. dxe5 dxe5 12. Qc2 Bf5 13. e4 Be6 14. Rfd1 Qc8 15. Bd6
Nd7 16. Rd2 b6 17. Rad1 Qb7 18. f4 exf4 19. gxf4 Bg4 20. h3 Bxe2 21. Nxe2 Ne6
22. e5 a5 23. Qe4 Rac8 24. Nd4 Nxd4 25. Rxd4 f6 26. Qe2 fxe5 27. fxe5 Nxe5 28.
Bxe5 Bxe5 29. Re4 Qc7 30. Kh1 Re7 31. c5 b5 32. a4 b4 33. Qa6 Rce8 34. Re2 Re6
35. Qc4 Kg7 36. Qg4 R6e7 37. Qf3 Re6 38. Qg4 R8e7 39. Qc4 Qc8 40. Rde1 Qc7 41.
Rd1 Rf6 42. Rde1 Rff7 43. Rd1 Bc3 44. Rd6 Rxe2 45. Qxe2 Re7 46. Qf3 Re1+ 47. Bf1
Be5 48. Rd2 Qe7 49. Re2 Rxe2 50. Bxe2 Qxc5 51. Bc4 Bf6 52. Qd3 Qf2 53. Qd7+ Kh6
54. Qxc6 Bd4 55. Qg2 Qe3 56. Qf1 Be5 57. Qg2 Qf4 58. Kg1 Kh5 59. Be2+ Kh4 60.
Qg4+ Qxg4+ 1/2-1/2

[Event "I Miedzynarodowy Memorial Ireny Warakomskiej - Open B"]
[Site "Suwalki"]
[Date "2017-08-11"]
[Round "1.6"]
[White "Hasinski, Krystian "]
[Black "Lisowski, Krzysztof"]
[Result "1-0"]
[WhiteTitle ""]
[BlackTitle ""]
[WhiteElo "1904"]
[BlackElo "2073"]

1. c4 g6 2. g3 Bg7 3. Bg2 c5 4. Nf3 Nc6 5. O-O d6 6. Nc3 e5 7. d3 Nge7 8. Rb1 O-O
9. a3 a5 10. Nd5 Nxd5 11. cxd5 Ne7 12. e4 b6 13. b4 axb4 14. axb4 Bd7 15. Nd2
Ba4 16. Qe2 Qc7 17. Nc4 b5 18. Ne3 Nc8 19. Ba3 c4 20. Rfc1 Nb6 21. Rc3 Bh6 22.
Bc1 Qe7 23. Nf5 gxf5 24. Bxh6 cxd3 25. Rxd3 Rfc8 26. exf5 f6 27. Rd4 Rc4 28. Rxc4
Nxc4 29. Be4 Rc8 30. Rc1 Kh8 31. Bd3 Bb3 32. Rc3 Ba4 33. Bxc4 bxc4 34. Rxc4 Rxc4
35. Qxc4 Qb7 36. Bf8 Bb5 37. Qh4 Qf7 38. Bxd6 Kg8 39. Qg4+ Kh8 40. Qe4 Qb7 41.
Bc5 Qa8 42. h4 Ba6 43. Be7 Kg7 44. Qg4+ Kf7 45. d6 Bb7 46. Qh5+ Kg8 47. Qd1 Bh1
48. Qf1 Kf7 49. Kh2 Bd5 50. Qd1 Qa2 51. Qf1 Qc2 52. b5 Bc4 53. Qg2 Qb2 54. g4
h6 55. Qf3 Qxb5 56. g5 Be2 57. Qa8 1-0

[Event "I Miedzynarodowy Memorial Ireny Warakomskiej - Open B"]
[Site "Suwalki"]
[Date "2017-08-11"]
[Round "1.7"]
[White "Rak, Tomasz"]
[Black "Ziemski, Przemyslaw"]
[Result "1-0"]
[WhiteTitle ""]
[BlackTitle ""]
[WhiteElo "2067"]
[BlackElo "1902"]

1. Nf3 Nf6 2. d4 d5 3. Bf4 g6 4. Nbd2 Bg7 5. h3 O-O 6. e3 Bf5 7. Ne5 Nbd7 8. g4
Be6 9. Bd3 Nxe5 10. Bxe5 Nd7 11. Bxg7 Kxg7 12. f4 f5 13. Nf3 c5 14. c3 Qb6 15.
Ng5 h6 16. Nxe6+ Qxe6 17. Qe2 cxd4 18. cxd4 Nf6 19. O-O-O Rac8+ 20. Kb1 Ne4 21.
Rdg1 Kh7 22. h4 fxg4 23. h5 g5 24. Rxg4 gxf4 25. exf4 Rg8 26. f5 Qf6 27. Bxe4
dxe4 28. Rxe4 Rg7 29. Rf1 Rd8 30. Qd3 Rd5 31. a3 Rg5 32. Re6 Qg7 33. f6+ 1-0

[Event "I Miedzynarodowy Memorial Ireny Warakomskiej - Open B"]
[Site "Suwalki"]
[Date "2017-08-11"]
[Round "1.8"]
[White "Kaniak, Justyna"]
[Black "Mammadov, Vafa "]
[Result "1/2-1/2"]
[WhiteTitle ""]
[BlackTitle ""]
[WhiteElo "1901"]
[BlackElo "2066"]

1. e4 c5 2. Ne2 Nc6 3. Nbc3 d6 4. g3 g6 5. Bg2 Bg7 6. d3 e6 7. O-O Nge7 8. Be3
Nd4 9. Rb1 Nec6 10. Qd2 O-O 11. a3 a5 12. f4 Rb8 13. g4 f5 14. gxf5 exf5 15. Ng3
Bd7 16. Nd5 Ne7 17. e5 dxe5 18. fxe5 Nxd5 19. Bxd5+ Be6 20. Bxe6+ Nxe6 21. Rbe1
Qd5 22. Bh6 b6 23. Bxg7 Kxg7 24. Qg2 Rbd8 25. Nh5+ Kh8 26. Qxd5 Rxd5 27. Nf6 Rd4
28. Re3 1/2-1/2

[Event "I Miedzynarodowy Memorial Ireny Warakomskiej - Open B"]
[Site "Suwalki"]
[Date "2017-08-11"]
[Round "1.9"]
[White "Grabowski, Adam"]
[Black "Wierzbicki, Michal "]
[Result "1-0"]
[WhiteTitle ""]
[BlackTitle ""]
[WhiteElo "2063"]
[BlackElo "1890"]

1. Nf3 d5 2. d4 Nf6 3. c4 e6 4. Nc3 c6 5. e3 Bd6 6. Bd3 Nbd7 7. O-O O-O 8. Qe2
dxc4 9. Bxc4 e5 10. Rd1 Qe7 11. e4 exd4 12. Nxd4 Ne5 13. Bb3 Rd8 14. h3 Ng6 15.
Nf3 Be6 16. Rxd6 Rxd6 17. e5 Bxb3 18. axb3 Re6 19. exf6 Qxf6 20. Qc4 Ne5 21. Nxe5
Rxe5 22. Be3 b5 23. Qb4 Qe7 24. Qxe7 Rxe7 25. Ra6 Rc7 26. Bc5 f6 27. Ne2 Kf7 28.
Nd4 Re8 29. b4 Re1+ 30. Kh2 Rb1 31. Nxc6 Rxb2 32. Nxa7 Rc2 33. Nxb5 R7xc5 34.
bxc5 Rxc5 35. Nd6+ Kg6 36. Ra7 Re5 37. g4 h5 38. Nf5 hxg4 39. hxg4 Kg5 40. Kg3
1-0

[Event "I Miedzynarodowy Memorial Ireny Warakomskiej - Open B"]
[Site "Suwalki"]
[Date "2017-08-11"]
[Round "1.10"]
[White "Widelski, Kacper "]
[Black "Golek, Jagoda"]
[Result "0-1"]
[WhiteTitle ""]
[BlackTitle ""]
[WhiteElo "1880"]
[BlackElo "2058"]

1. Nf3 d5 2. d4 c6 3. c4 e6 4. Nc3 f5 5. Bf4 Bd6 6. e3 Nf6 7. Bd3 O-O 8. h3 Ne4
9. Ne5 Bc7 10. g4 Qh4 11. Qc2 Bxe5 12. dxe5 Na6 13. Nxe4 fxe4 14. Be2 Bd7 15.
Rd1 Be8 16. a3 Qe7 17. h4 b5 18. Bg5 Qf7 19. cxd5 cxd5 20. O-O Qb7 21. Rc1 h6
22. Bf4 Bd7 23. b4 Rac8 24. Qb1 Nb8 25. g5 hxg5 26. hxg5 g6 27. Kg2 Rxc1 28. Qxc1
Qc8 29. Qb1 Kg7 30. f3 Bc6 31. Rc1 Qb7 32. Rh1 d4 33. Rh6 d3 34. Qh1 exf3+ 35.
Kg3 fxe2 36. Rh7+ Kg8 37. Rh8+ Kf7 38. Qh7+ Ke8 0-1

[Event "I Miedzynarodowy Memorial Ireny Warakomskiej - Open B"]
[Site "Suwalki"]
[Date "2017-08-11"]
[Round "1.11"]
[White "Szewczyk, Mariusz"]
[Black "Bartoszewicz, Marcin "]
[Result "1-0"]
[WhiteTitle ""]
[BlackTitle ""]
[WhiteElo "2053"]
[BlackElo "1875"]

1. e4 c5 2. Nf3 d6 3. Nc3 Nf6 4. e5 dxe5 5. Nxe5 a6 6. a4 e6 7. d3 Qc7 8. Nc4 Be7
9. Be2 Nc6 10. O-O O-O 11. Bf3 Nd4 12. a5 Bd7 13. Nb6 Rad8 14. Nxd7 Rxd7 15. b3
Nd5 16. Bxd5 exd5 17. Ra4 Bf6 18. Ne2 Re8 19. Nxd4 Bxd4 20. Bd2 Rde7 21. c3 Be5
22. g3 d4 23. c4 Bd6 24. Re1 Rxe1+ 25. Bxe1 f5 26. Ra2 Qe7 27. Kf1 f4 28. Re2
Qxe2+ 29. Qxe2 Rxe2 30. Kxe2 Kf7 31. Kf3 Ke6 32. Ke4 g5 33. gxf4 Bxf4 34. h4 Bc1
35. hxg5 Bxg5 36. b4 Be7 37. bxc5 Bxc5 38. f4 h5 39. f5+ Kf7 40. Kd5 Ba3 41. Kxd4
Kf6 42. Ke4 Kg5 43. d4 h4 44. Ke5 Be7 45. Bxh4+ 1-0

[Event "I Miedzynarodowy Memorial Ireny Warakomskiej - Open B"]
[Site "Suwalki"]
[Date "2017-08-11"]
[Round "1.12"]
[White "Lada, Michal "]
[Black "Medvedyk, Volodymyr"]
[Result "1/2-1/2"]
[WhiteTitle ""]
[BlackTitle ""]
[WhiteElo "1875"]
[BlackElo "2053"]

1. d4 Nf6 2. c4 g6 3. Nc3 Bg7 4. e4 d6 5. Be2 O-O 6. Nf3 e5 7. O-O Nc6 8. d5 Ne7
9. Bg5 h6 10. Bh4 g5 11. Bg3 Nh5 12. Nd2 Nf4 13. b4 f5 14. f3 Neg6 15. c5 a5 16.
a3 axb4 17. axb4 Rxa1 18. Qxa1 Nh4 19. Rf2 g4 20. fxg4 fxg4 21. Nc4 h5 22. cxd6
Nhg6 23. Rf1 h4 24. Be1 Qg5 25. dxc7 b5 26. Nd6 g3 27. Bf3 Nh3+ 28. Kh1 Qe3 29.
Nf5 Bxf5 30. exf5 e4 31. Bh5 Ngf4 32. f6 Bxf6 33. Qd1 Bxc3 34. Qg4+ Kh7 35. c8=Q
Rxc8 36. Qxc8 Bxe1 37. Qf5+ Kh6 38. Qf8+ Kxh5 39. Qh8+ Kg5 40. Qe5+ Kh6 41. Qh8+
Kg6 42. Qg8+ Kh6 43. Qh8+ Kg5 44. Qe5+ Kg6 45. Qe8+ Kh7 46. Qf7+ Kh6 47. Qf8+
1/2-1/2

[Event "I Miedzynarodowy Memorial Ireny Warakomskiej - Open B"]
[Site "Suwalki"]
[Date "2017-08-11"]
[Round "1.13"]
[White "Pawelec, Bartosz "]
[Black "Czarniecka, Aleksandra "]
[Result "0-1"]
[WhiteTitle ""]
[BlackTitle ""]
[WhiteElo "2050"]
[BlackElo "1875"]

1. e4 c5 2. c3 d5 3. exd5 Qxd5 4. d4 Nc6 5. dxc5 Qxd1+ 6. Kxd1 Bf5 7. Be3 Nf6 8.
Nf3 Nd5 9. Bb5 O-O-O 10. Nbd2 Nxe3+ 11. fxe3 e6 12. b4 g6 13. Ke2 Bg7 14. Rac1
Ne7 15. e4 Bg4 16. Nc4 Kc7 17. Ne3 Bxf3+ 18. gxf3 Bh6 19. Rhd1 Bf4 20. h3 g5 21.
Rd3 Rxd3 22. Bxd3 Ng6 23. Rc2 Bg3 24. Nf1 Be5 25. Bb5 Nf4+ 26. Ke1 Nxh3 27. Ne3
Bg3+ 28. Kf1 Nf4 29. Rd2 Rd8 30. Rd4 h5 31. Nc4 h4 32. Rxd8 Kxd8 33. Nd6 h3 34.
Kg1 h2+ 35. Kh1 Nh3 0-1

[Event "I Miedzynarodowy Memorial Ireny Warakomskiej - Open B"]
[Site "Suwalki"]
[Date "2017-08-11"]
[Round "1.14"]
[White "Rudzinska, Michalina "]
[Black "Ostrowski, Robert"]
[Result "1/2-1/2"]
[WhiteTitle ""]
[BlackTitle ""]
[WhiteElo "1870"]
[BlackElo "2050"]

1. e4 c5 2. Nf3 d6 3. d4 cxd4 4. Nxd4 Nf6 5. Nc3 a6 6. Bg5 e5 7. Nb3 Be6 8. a4
Be7 9. Be2 O-O 10. O-O Nbd7 11. Re1 Nc5 12. Nd2 d5 13. Bxf6 Bxf6 14. exd5 Bxd5
15. Nxd5 Qxd5 16. Bc4 Qc6 17. Qg4 b5 18. Be2 Nxa4 19. Bf3 Qc8 20. Qb4 Ra7 21.
Ne4 Be7 22. Qb3 Rc7 23. c3 Nb6 24. Ng3 Nc4 25. Bd5 Rc5 26. Bxc4 bxc4 27. Qc2 f5
28. Ra4 Bd6 29. Rea1 Rc6 30. Qd2 Kh8 31. Qd5 e4 32. Ra5 Bc5 33. Kf1 h6 34. Nh5
Rd8 35. Qe5 Qd7 36. Rxc5 Rxc5 37. Qxc5 Qd3+ 38. Ke1 Qd2+ 39. Kf1 Qd3+ 40. Ke1
Qd2+ 1/2-1/2

[Event "I Miedzynarodowy Memorial Ireny Warakomskiej - Open B"]
[Site "Suwalki"]
[Date "2017-08-11"]
[Round "1.16"]
[White "Zianowicz, Dominik "]
[Black "Betkowski, Andrzej "]
[Result "1/2-1/2"]
[WhiteTitle ""]
[BlackTitle ""]
[WhiteElo "1843"]
[BlackElo "2038"]

1. d4 e6 2. c4 b6 3. Nf3 Bb7 4. a3 f5 5. Nc3 Nf6 6. Bg5 Be7 7. Bxf6 Bxf6 8. e3
O-O 9. Be2 d6 10. Qc2 c5 11. O-O-O Qe7 12. Rhg1 e5 13. dxc5 bxc5 14. e4 Nc6 15.
Nd5 Qf7 16. exf5 Nd4 17. Nxd4 cxd4 18. Bf3 Bg5+ 19. Kb1 Qxf5 20. Qxf5 Rxf5 21.
Ne7+ Bxe7 22. Bxb7 Rb8 23. Bd5+ Kh8 24. f3 a5 25. Kc2 Rff8 26. b3 g6 27. Rb1 Rb6
28. b4 Rfb8 29. b5 Rf8 30. Kd3 Bd8 31. g3 Rb8 32. Rgf1 g5 33. Ke4 Bb6 34. Rbd1
1/2-1/2

[Event "I Miedzynarodowy Memorial Ireny Warakomskiej - Open B"]
[Site "Suwalki"]
[Date "2017-08-11"]
[Round "1.17"]
[White "Kowalec, Maciej"]
[Black "Milanowski, Jan"]
[Result "1-0"]
[WhiteTitle ""]
[BlackTitle ""]
[WhiteElo "2038"]
[BlackElo "1815"]

1. d4 d5 2. Nf3 Nf6 3. e3 c6 4. c4 e6 5. Nc3 Nbd7 6. Qc2 Be7 7. Bd3 dxc4 8. Bxc4
b5 9. Bd3 Bb7 10. O-O O-O 11. Qe2 a6 12. Rd1 Qb6 13. e4 c5 14. e5 Nd5 15. Be4
Nxc3 16. bxc3 cxd4 17. cxd4 Bxe4 18. Qxe4 Rfd8 19. Be3 Qa5 20. d5 exd5 21. Rxd5
Nb6 22. Rxd8+ Rxd8 23. Nd4 Qa4 24. e6 Nc8 25. exf7+ Kxf7 26. Qe6+ Kf8 27. Re1
Qb4 28. Kf1 Qd6 29. Rc1 Na7 30. Qxd6 Rxd6 31. Rc7 Bf6 32. Nb3 1-0

[Event "I Miedzynarodowy Memorial Ireny Warakomskiej - Open B"]
[Site "Suwalki"]
[Date "2017-08-11"]
[Round "1.18"]
[White "Pytel, Przemyslaw"]
[Black "Krasiewicz, Robert "]
[Result "1/2-1/2"]
[WhiteTitle ""]
[BlackTitle ""]
[WhiteElo "1815"]
[BlackElo "2031"]

1. e4 e6 2. d4 d5 3. exd5 exd5 4. Nf3 Bd6 5. Bd3 Nc6 6. c3 Bg4 7. O-O Nge7 8. h3
Bh5 9. Nbd2 Qd7 10. Re1 O-O-O 11. b4 Rde8 12. Qa4 Kb8 13. b5 Nd8 14. Ba3 Bg6 15.
Bxg6 Nxg6 16. Bxd6 Qxd6 17. Rxe8 Rxe8 18. b6 Nc6 19. bxa7+ Ka8 20. Rb1 Rd8 21.
Qb5 b6 22. c4 Nxa7 23. Qa6 dxc4 24. Nxc4 Qc6 25. Nce5 Nxe5 26. Nxe5 Qe4 27. Rd1
f6 28. Nf3 Qc6 29. Qd3 g6 30. Qa3 Kb7 31. Rc1 Qd6 32. Qc3 Nb5 33. Qc4 Qd5 34.
Qc2 Rd7 35. a4 Nd6 36. Nd2 Nf5 37. Nb3 Nh4 38. f3 Nf5 39. a5 Nxd4 40. Nxd4 Qxd4+
41. Kh1 Qc5 42. Qxc5 bxc5 43. Rxc5 Rd6 44. Kg1 Rc6 45. Rd5 Rc2 46. g4 Kc6 47.
Rd8 Rc5 48. Rh8 h5 49. Rf8 f5 50. Rf6+ Kb5 51. gxh5 gxh5 52. a6 f4 53. a7 Rc1+
54. Kf2 Ra1 55. Rxf4 Rxa7 56. Rf5+ c5 57. Rxh5 Kb4 58. Rh8 c4 59. Rb8+ Kc5 60.
Rc8+ Kd4 61. Rd8+ Ke5 62. Ke3 Ra3+ 63. Ke2 Ra2+ 64. Rd2 Ra3 65. h4 c3 66. Rd8
Ra2+ 67. Kd1 Rf2 68. Rd3 c2+ 69. Kc1 Kf4 70. h5 Rh2 71. h6 Rxh6 72. Kxc2 Rh3 73.
Kd2 1/2-1/2

[Event "I Miedzynarodowy Memorial Ireny Warakomskiej - Open B"]
[Site "Suwalki"]
[Date "2017-08-11"]
[Round "1.19"]
[White "Migala, Andrzej"]
[Black "Tarnowska, Aleksandra"]
[Result "1-0"]
[WhiteTitle ""]
[BlackTitle ""]
[WhiteElo "2031"]
[BlackElo "1807"]

1. e4 c5 2. Nf3 e6 3. c3 d5 4. e5 d4 5. Bd3 Nc6 6. O-O Nge7 7. Re1 Ng6 8. g3 Be7
9. h4 Qc7 10. Qe2 Bd7 11. Na3 a6 12. Nc2 dxc3 13. dxc3 b5 14. h5 Nf8 15. a4 c4
16. Be4 Rb8 17. axb5 axb5 18. Bf4 h6 19. Nfd4 Nxd4 20. Nxd4 Bc5 21. Qg4 Rg8 22.
Bxh6 g5 23. Qf3 g4 24. Qf4 Bxd4 25. cxd4 Bc6 26. Bxc6+ Qxc6 27. Ra7 Nd7 28. Bg5
Qb6 29. Rea1 Rh8 30. h6 Rh7 31. R1a6 1-0

[Event "I Miedzynarodowy Memorial Ireny Warakomskiej - Open B"]
[Site "Suwalki"]
[Date "2017-08-11"]
[Round "1.20"]
[White "Norek, Bartosz "]
[Black "Kalmuk, Krzysztof"]
[Result "0-1"]
[WhiteTitle ""]
[BlackTitle ""]
[WhiteElo "1799"]
[BlackElo "2030"]

1. e4 c5 2. Nf3 e6 3. d4 cxd4 4. Nxd4 Nc6 5. Nc3 Qc7 6. Be2 a6 7. Be3 Nf6 8. O-O
b5 9. f3 Bb7 10. Qd2 Be7 11. a4 b4 12. Na2 Qb8 13. b3 d5 14. exd5 Nxd5 15. Nxc6
Bxc6 16. Bd4 O-O 17. f4 Rd8 18. Rad1 Qb7 19. Bd3 Nf6 20. Bb2 a5 21. Qe2 h6 22.
Nc1 Ne4 23. Bxe4 Bxe4 24. Nd3 Rac8 25. Rfe1 Bh7 26. Be5 Bf8 27. h3 Rd5 28. Rf1
Qd7 29. Rf3 Bd6 30. Bb2 Qc7 31. Rf2 Rd8 32. Qg4 Bf8 33. Rfd2 Bf5 34. Qf3 Bc5+
35. Kh2 Bd4 36. Bxd4 Rxd4 37. Qf2 R8d5 38. g4 Bxd3 39. Rxd3 Rxf4 0-1

[Event "I Miedzynarodowy Memorial Ireny Warakomskiej - Open B"]
[Site "Suwalki"]
[Date "2017-08-11"]
[Round "1.21"]
[White "Hrymowicz, Artur "]
[Black "Ossolinski, Ziemowit "]
[Result "1-0"]
[WhiteTitle ""]
[BlackTitle ""]
[WhiteElo "2015"]
[BlackElo "1798"]

1. e4 c5 2. Nf3 e6 3. d4 cxd4 4. Nxd4 a6 5. c4 Nf6 6. Nc3 Bb4 7. Qd3 d5 8. exd5
exd5 9. Be2 O-O 10. O-O h6 11. Bf3 Bxc3 12. Qxc3 dxc4 13. Qxc4 Nbd7 14. Bf4 Nb6
15. Qc5 Nbd7 16. Qc3 Qb6 17. Rac1 a5 18. a3 Re8 19. Bc7 Qa6 20. Rfe1 Nf8 21. Rxe8
Nxe8 22. Be2 Qf6 23. Bxa5 Ng6 24. Qe3 Bd7 25. Bf3 Nd6 1-0

[Event "I Miedzynarodowy Memorial Ireny Warakomskiej - Open B"]
[Site "Suwalki"]
[Date "2017-08-11"]
[Round "1.22"]
[White "Szczygiel, Jakub "]
[Black "Gawronski, Miroslaw"]
[Result "1/2-1/2"]
[WhiteTitle ""]
[BlackTitle ""]
[WhiteElo "1797"]
[BlackElo "2014"]

1. d4 d5 2. c4 dxc4 3. e3 Nf6 4. Bxc4 a6 5. a3 b5 6. Be2 Bb7 7. Bf3 c6 8. Ne2 Nbd7
9. O-O e5 10. Ng3 Qc7 11. Qc2 g6 12. Bd2 Rc8 13. Rc1 Bd6 14. Nc3 O-O 15. Nce4
Nxe4 16. Nxe4 Be7 17. d5 Qb8 18. d6 Bd8 19. Nc5 Nxc5 20. Qxc5 f6 21. Bb4 Rf7 22.
Bd1 a5 23. Be1 a4 24. b3 Rd7 25. bxa4 Qxd6 26. Qxd6 Rxd6 27. axb5 cxb5 28. Rxc8
Bxc8 29. Bb3+ Kg7 30. Rd1 Rxd1 31. Bxd1 Be7 32. Bb4 Bxb4 33. axb4 Be6 34. f3 f5
35. e4 Kf6 36. Kf2 f4 37. Be2 Bd7 38. Bd1 g5 39. h3 Kg6 40. Be2 Kh5 41. Bd1 Kh4
42. Bb3 h5 43. Bd1 g4 44. hxg4 hxg4 45. Be2 Bc6 46. Bd3 Bd7 47. Be2 1/2-1/2

[Event "I Miedzynarodowy Memorial Ireny Warakomskiej - Open B"]
[Site "Suwalki"]
[Date "2017-08-11"]
[Round "1.23"]
[White "Falkowski, Dawid "]
[Black "Beczala, Pawel "]
[Result "1-0"]
[WhiteTitle ""]
[BlackTitle ""]
[WhiteElo "2013"]
[BlackElo "1789"]

1. e4 g6 2. f4 Bg7 3. d4 d5 4. e5 Nh6 5. Nf3 f6 6. c4 c6 7. Nc3 Be6 8. Qb3 Qd7
9. Be3 Kf7 10. cxd5 cxd5 11. Bb5 Nc6 12. Na4 Rhd8 13. Rc1 Qc7 14. O-O a6 15. Bd3
b5 16. Nc5 Bf5 17. Ng5+ fxg5 18. fxg5 Bxe5 19. gxh6 Bxd4 20. Bxf5 gxf5 21. Rxf5+
Bf6 22. Rxd5 Na5 23. Qd3 Kg8 24. Nxa6 1-0

[Event "I Miedzynarodowy Memorial Ireny Warakomskiej - Open B"]
[Site "Suwalki"]
[Date "2017-08-11"]
[Round "1.24"]
[White "Lascar, Radoslawa"]
[Black "Poswiatowski, Michal "]
[Result "1-0"]
[WhiteTitle ""]
[BlackTitle ""]
[WhiteElo "1778"]
[BlackElo "2013"]

1. e4 c5 2. c3 g6 3. d4 cxd4 4. cxd4 Bg7 5. Nc3 d6 6. Bc4 Nf6 7. Nge2 O-O 8. Bb3
Nc6 9. O-O Bd7 10. Kh1 Na5 11. Bc2 b5 12. a3 Rc8 13. f4 Nc4 14. b3 Nb6 15. f5
a5 16. Bd3 b4 17. axb4 axb4 18. Na2 d5 19. e5 Ne4 20. Bxe4 dxe4 21. fxg6 fxg6
22. Nxb4 Bb5 23. Rxf8+ Qxf8 24. Ng3 e6 25. Ba3 Qf4 26. Nc2 Nd5 27. Qc1 e3 28.
Bc5 Bxe5 29. b4 Bb8 30. Ne1 Qf2 31. Nf3 Bxg3 32. hxg3 Qxg3 33. Qe1 Qxe1+ 34. Nxe1
Re8 35. Nc2 e5 36. dxe5 Rxe5 37. Ra8+ Kf7 38. Rf8+ Kg7 39. Rb8 Rh5+ 40. Kg1 1-0

[Event "I Miedzynarodowy Memorial Ireny Warakomskiej - Open B"]
[Site "Suwalki"]
[Date "2017-08-11"]
[Round "1.25"]
[White "Budzinski, Jan "]
[Black "Wielek, Thomas "]
[Result "1-0"]
[WhiteTitle ""]
[BlackTitle ""]
[WhiteElo "2012"]
[BlackElo "1766"]

1. e4 c5 2. Nc3 Nc6 3. Bb5 Nd4 4. Bc4 g6 5. Nf3 Bg7 6. Nxd4 cxd4 7. Qf3 e6 8. Nb5
d6 9. Qg3 e5 10. Qa3 Ke7 11. Qb3 Be6 12. Bxe6 fxe6 13. a4 Nf6 14. d3 Rc8 15. O-O
a6 16. Na3 Qc7 17. f4 Nd7 18. fxe5 Bxe5 19. Bg5+ Bf6 20. Bxf6+ Nxf6 21. Qb4 Qc5
22. Qxb7+ Rc7 23. Qxa6 Rb8 24. Nb5 Rc6 25. Qa5 Rb7 26. Qd2 Qe5 27. Qh6 Ke8 28.
Qf4 Ke7 29. Qf2 1-0

[Event "I Miedzynarodowy Memorial Ireny Warakomskiej - Open B"]
[Site "Suwalki"]
[Date "2017-08-11"]
[Round "1.26"]
[White "Koloczek, Maciej "]
[Black "Janulek, Dawid "]
[Result "0-1"]
[WhiteTitle ""]
[BlackTitle ""]
[WhiteElo "1764"]
[BlackElo "2006"]

1. e4 c5 2. Nf3 d6 3. d4 cxd4 4. Nxd4 Nf6 5. Nc3 a6 6. Bg5 e6 7. f4 Qb6 8. Qd2
Nc6 9. Bxf6 gxf6 10. Nb3 Bd7 11. Be2 Rg8 12. Bf3 O-O-O 13. O-O-O Kb8 14. Kb1 Na5
15. Nxa5 Qxa5 16. Rhe1 Bc6 17. Re3 Be7 18. Qe2 Rc8 19. g3 f5 20. Red3 Rgd8 21.
exf5 Bxf3 22. Qxf3 Qxf5 23. g4 Qa5 24. f5 exf5 25. gxf5 Bf6 26. Ne4 Be5 27. Nxd6
Bxd6 28. Rxd6 Rxd6 29. Rxd6 Rxc2 30. Kxc2 Qc5+ 31. Qc3 Qxd6 32. Qh8+ Ka7 33. Qxh7
Qc5+ 34. Kd3 Qd5+ 35. Ke3 Qxa2 36. h4 a5 37. h5 Qb3+ 38. Kf4 Qb4+ 39. Kg5 Qe7+
40. Kf4 Qb4+ 41. Kf3 Qb3+ 42. Ke4 Qb4+ 43. Kd5 Qxb2 44. h6 a4 45. Qg8 a3 46. Kd6
Qb4+ 47. Kd7 a2 48. Qg1+ b6 49. h7 Qc3 50. Ke7 a1=Q 51. Qxa1+ Qxa1 52. Kxf7 Qh8
0-1